000 00379nam a2200145Ia 4500
008 230917s9999||||xx |||||||||||||| ||und||
040 _e180943
_aMAIN
041 _aEnglish
082 _a381.320954 K143C
100 _aKaptan, Sanjay
245 0 _aConsumer movement in India: Issues and problems
260 _aNew Delhi
_bSarup & sons
_c2003
300 _a106 p.
942 _cBK
999 _c151591
_d151591